Charmed Characters by Episode Count - Statistics

General Stats
  • This quiz has been taken 121 times
  • The average score is 11 of 16
Answer Stats
Episodes Character % Correct
178 Piper Halliwell
100%
178 Phoebe Halliwell
99%
144 Leo Wyatt
97%
67 Prue Halliwell
94%
112 Paige Matthews
91%
48 Cole Turner
89%
53 Wyatt Halliwell
83%
48 Chris Halliwell
82%
22 Andy Trudeau
78%
70 Darryl Morris
72%
15 Grams
72%
22 Billie Jenkins
51%
14 Victor Bennett
44%
18 Dan Gordon
43%
23 Elise Rothman
12%
67 Kit
11%
No matching quizzes found
Score Distribution
Percent of People with Each Score
Percentile by Number Answered
Your Score History
You have not taken this quiz